Land and freedom (Record no. 74845)
[ view plain ]
| 000 -LEADER | |
|---|---|
| fixed length control field | 00825cam a2200193 4500 |
| 001 - CONTROL NUMBER | |
| control field | X128894 |
| 008 - FIXED-LENGTH DATA ELEMENTS--GENERAL INFORMATION | |
| fixed length control field | 050225n2005 000 0 eng u |
| 035 ## - SYSTEM CONTROL NUMBER | |
| System control number | (Sirsi) u128894 |
| 100 ## - MAIN ENTRY--PERSONAL NAME | |
| Personal name | Vara, B. |
| 245 ## - TITLE STATEMENT | |
| Title | Land and freedom |
| 260 ## - PUBLICATION, DISTRIBUTION, ETC. | |
| Date of publication, distribution, etc. | 2005 |
| 490 ## - SERIES STATEMENT | |
| Series statement | Property Week |
| Volume/sequential designation | 70(7) 18 February 2005, 62-63(2) |
| 520 ## - SUMMARY, ETC. | |
| Summary, etc. | Discusses the impact of the Freedom of Information Act 2000 on property professionals. Property firms can now request certain types of information which may be useful in disputes both against public authorities, other large landowners and third parties. Two areas likely to be affected are pre-action closure and legal privilege. |
| 650 ## - SUBJECT ADDED ENTRY--TOPICAL TERM | |
| Topical term or geographic name entry element | FREEDOM OF INFORMATION ACT 2000 |
| 650 ## - SUBJECT ADDED ENTRY--TOPICAL TERM | |
| Topical term or geographic name entry element | ENVIRONMENTAL INFORMATION REGULATIONS 2004 |
| 690 ## - LOCAL SUBJECT ADDED ENTRY--TOPICAL TERM (OCLC, RLIN) | |
| Topical term or geographic name as entry element | LAW-UK |
| 700 ## - ADDED ENTRY--PERSONAL NAME | |
| Personal name | Schultz, S. |
| 942 ## - ADDED ENTRY ELEMENTS (KOHA) | |
| Suppress in OPAC | 0 |
| Withdrawn status | Lost status | Source of classification or shelving scheme | Damaged status | Not for loan | Home library | Current library | Shelving location | Date acquired | Total Checkouts | Full call number | Barcode | Date last seen | Copy number | Price effective from | Koha item type |
|---|---|---|---|---|---|---|---|---|---|---|---|---|---|---|---|
| Dewey Decimal Classification | London | London | Journal article | 09/03/2005 | X128894 | 128894-1001 | 06/08/2019 | 1 | 06/08/2019 | Journal article |